[Event "US Open-113"]
[Site "Vancouver"]
[Date "2012.08.12"]
[Round "9"]
[White "Davis, Joe P"]
[Black "Elmer, Kyler"]
[Result "1-0"]
[WhiteElo "1648"]
[BlackElo "1348"]
[PlyCount "27"]
[EventDate "2012.08.04"]
[EventType "swiss"]
[EventRounds "9"]
[EventCountry "USA"]
[SourceTitle "CBM 149 Extra"]
[Source "ChessBase"]
[SourceDate "2012.08.24"]
[SourceVersion "1"]
[SourceVersionDate "2012.08.24"]
[SourceQuality "1"]

1. e4 e6 2. d4 d5 3. Nc3 c6 4. e5 c5 5. f4 Nh6 6. Nf3 Nc6 7. Bb5 Bd7 8. 0-0 Nf5 9. Bxc6 Bxc6 10. g4 Nh4 11. f5 Nxf3+ 12. Qxf3 cxd4 13. fxe6 fxe6 14. Qf7# 1-0

[Event "US Open-113"]
[Site "Vancouver"]
[Date "2012.08.08"]
[Round "5"]
[White "Davis, Joe P"]
[Black "Covington, Paul"]
[Result "0-1"]
[WhiteElo "1648"]
[BlackElo "1900"]
[PlyCount "36"]
[EventDate "2012.08.04"]
[EventType "swiss"]
[EventRounds "9"]
[EventCountry "USA"]
[SourceTitle "CBM 149 Extra"]
[Source "ChessBase"]
[SourceDate "2012.08.24"]
[SourceVersion "1"]
[SourceVersionDate "2012.08.24"]
[SourceQuality "1"]

1. e4 c5 2. Nf3 e6 3. d4 cxd4 4. Nxd4 Bc5 5. Nb3 Bb6 6. Nc3 a6 7. Bd3 Nc6 8. Qg4 Qf6 9. 0-0 Ne5 10. Qe2 Qh4 11. h3 h5 12. Be3 Bc7 13. f4 Ng4 14. hxg4 hxg4 15. g3 Qxg3+ 16. Qg2 Qxe3+ 17. Qf2 Qh3 18. Qg2 Bb6+ 0-1

[Event "US Open-113"]
[Site "Vancouver"]
[Date "2012.08.04"]
[Round "1"]
[White "Davis, Joe P"]
[Black "Luchan, Jason"]
[Result "0-1"]
[WhiteElo "1648"]
[BlackElo "2117"]
[PlyCount "155"]
[EventDate "2012.08.04"]
[EventType "swiss"]
[EventRounds "9"]
[EventCountry "USA"]
[SourceTitle "CBM 149 Extra"]
[Source "ChessBase"]
[SourceDate "2012.08.24"]
[SourceVersion "1"]
[SourceVersionDate "2012.08.24"]
[SourceQuality "1"]

1. e4 e6 2. d4 d5 3. Nc3 Bb4 4. e5 b6 5. Qg4 Bf8 6. Bg5 Qd7 7. f4 h6 8. Bh4 h5 9. Qd1 Ba6 10. Bxa6 Nxa6 11. Qe2 Nb4 12. a3 Nc6 13. Nf3 Nh6 14. 0-0 Nf5 15. Bf2 Be7 16. Qd2 Na5 17. Nd1 g6 18. Ne3 Nxe3 19. Qxe3 Nc4 20. Qc1 c5 21. b3 Na5 22. Qb2 Rc8 23. Rfc1 0-0 24. Be1 Nc6 25. c3 Rc7 26. b4 Rfc8 27. Bf2 cxd4 28. cxd4 b5 29. Rc3 Nb8 30. Rac1 Rc6 31. Bh4 Bf8 32. Bf6 Rxc3 33. Rxc3 Rc4 34. Rxc4 bxc4 35. b5 Qc7 36. Qc3 Nd7 37. Bh4 Nb6 38. Be1 Qb7 39. Qa5 Be7 40. a4 Qc7 41. Bc3 Kf8 42. Ne1 Ke8 43. Nc2 Kd7 44. Nb4 Nc8 45. Qxc7+ Kxc7 46. a5 Kd7 47. Kf1 Bd8 48. Na6 Ne7 49. Ke2 Nf5 50. Nb8+ Kc8 51. Nc6 Ne7 52. Nxa7+ Kb7 53. b6 Bxb6 54. Nb5 Bc7 55. Nd6+ Ka6 56. Nxf7 Bxa5 57. Kd2 Nf5 58. Bxa5 Kxa5 59. Kc3 Ne3 60. g3 Nf5 61. Nd8 Ng7 62. Nc6+ Kb6 63. Nb8 Kc7 64. Na6+ Kd7 65. Nc5+ Ke7 66. h3 Nf5 67. g4 Ne3 68. Kd2 Ng2 69. f5 exf5 70. gxf5 gxf5 71. Nb7 Nf4 72. Nd6 Nxh3 73. Nxf5+ Kd7 74. Ng3 Nf4 75. Nf1 h4 76. Nh2 h3 77. Ke3 c3 78. Kxf4 0-1

[Event "San Francisco TNM Fall op"]
[Site "San Francisco"]
[Date "2011.11.15"]
[Round "5"]
[White "Poling, Scott"]
[Black "Davis, Joe P"]
[Result "1/2-1/2"]
[WhiteElo "1632"]
[BlackElo "1675"]
[PlyCount "131"]
[EventDate "2011.10.18"]
[EventType "swiss"]
[EventRounds "9"]
[EventCountry "USA"]
[SourceTitle "EXT 2016"]
[Source "ChessBase"]
[SourceDate "2015.10.08"]
[SourceVersion "1"]
[SourceVersionDate "2015.10.08"]
[SourceQuality "1"]

1. e4 e5 2. Nf3 Nc6 3. d4 exd4 4. Bc4 Nf6 5. e5 d5 6. Bb5 Ne4 7. Nxd4 Bd7 8. Bxc6 bxc6 9. 0-0 Bc5 10. Be3 Qe7 11. f3 Ng5 12. f4 Ne4 13. Nd2 Bxd4 14. Bxd4 Bf5 15. Nxe4 Bxe4 16. Qe2 0-0 17. f5 Qb4 18. c3 Qb5 19. Qf2 a6 20. f6 g6 21. e6 Rfe8 22. e7 a5 23. Qd2 Kh8 24. b4 axb4 25. cxb4 Qc4 26. a4 Qd3 27. Qf2 Qc2 28. Rfc1 Qxf2+ 29. Kxf2 Reb8 30. Bc5 h5 31. a5 g5 32. g4 hxg4 33. Kg3 Bf5 34. Re1 Kh7 35. Re5 Kg6 36. Rf1 Bd7 37. Re2 Rh8 38. Re3 Rh4 39. a6 Rh3+ 40. Kg2 Rxe3 41. Bxe3 Rxa6 42. Bc5 Ra2+ 43. Kg3 Ra3+ 44. Kg2 Rf3 45. Re1 Be8 46. Ra1 Kxf6 47. Ra8 Bd7 48. e8Q Bxe8 49. Rxe8 Ra3 50. Rh8 Kf5 51. Rh7 Ra2+ 52. Kg3 Ra3+ 53. Kf2 Ra2+ 54. Ke3 f6 55. Rh6 Ra3+ 56. Kd4 Rh3 57. Rxh3 gxh3 58. Ke3 g4 59. Kf2 Ke4 60. Kg3 f5 61. Be7 d4 62. Bg5 d3 63. Bd2 Kd5 64. Kf4 Ke6 65. Kg3 Kd5 66. Kf4 1/2-1/2